000 01684nam a2200313 a 4500
001 BRCA_2729
005 20190320203937.0
008 031208s1894----sp-#---###---#000-0#spa-u
041 _aspa
044 _asp
084 _a223
_b.H476
_c1894
100 1 _aCervantes Saavedra, Miguel de
_d1547-1616
_9213
245 1 0 _aEl Ingenioso Hidalgo Don Quijote de la Mancha
_ccompuesto por Miguel de Cervantes Saavedra.
260 _aMadrid
_bViuda de Hernando
_c1894
300 _a8 v.
_c19 cm.
440 0 _aBiblioteca clásica
_nclxxx-clxxxvii
_97710
500 _aContenido : v 1. Primera parte. Advertencia de los editores. Juicio crítico del comentario de Clemencín por Alberto Lista. Prólogo del autor. Dedicatoria del autor. Versos preliminares. Texto. -- v 2. Texto. -- v 3. Texto. -- v 4. Texto. -- v 5. Segunda parte. Dedicatoria del autor. Prólogo del autor. Texto. -- v 6. Texto. -- v 7. Texto. -- v 8. Texto
500 _aEdición : Comentada por Diego Clemencín
500 _aEs una edición plagada de erratas, de la edición comentada por Diego Clemencín. Contiene también el juicio crítico del comentario de Clemencín escrito por Alberto Lista. Forma parte de la Biblioteca Clásica, tomos CLXXX-CLXXXVII. Tela Lúdovik Osterc
500 _aQM213
650 1 4 _aNovela española
_yÉpoca clásica, 1500-1700
_9215
650 1 4 _aLiteratura española
_yÉpoca clásica, 1500-1700
_9216
650 1 4 _aNovela española
_ySiglo XVII
_9217
650 1 4 _aDon Quijote (Personaje ficticio)
_eNovela
_9218
700 1 _aClemencín y Viñas, Diego
_d1785-1834
_eAnotador
_97711
740 0 _aEl Ingenioso Hidalgo Don Quijote de la Mancha
902 _aQFM
942 _2lcc
_cB
999 _c2469
_d2469